000 00861cab a2200265 4500
001 WB3202-27
008 090401t1996 xxu||||| |||| 00| 0 eng d
035 _a(Sirsi) u60410
041 _aeng
245 _aNew `intelligent` home
260 _c1996
350 _a0
490 _aSunday Telegraph
_v7 January 1996, 15
490 _aScotsman
_v12 January 1996,2(3)
520 _aA voice-activated `intelligent` house has been developed. It is believed to be the first such system to be made available to both builders and home owners.
650 _aENERGY EFFICIENCY
650 _aHOME AUTOMATION SYSTEMS
650 _aINTELLIGENT HOUSES
650 _aSMART HOUSES
650 _aVOICE ACTIVATED SOFTWARE
690 _aHOUSING-DEVELOPMENT
690 _aMANAGEMENT-BUSINESS MANAGEMENT-INFORMATION MANAGEMENT
942 _n0
948 _c04/03/1997
999 _c37250
_d37250